| 000 | 00376nam a2200145Ia 4500 | ||
|---|---|---|---|
| 008 | 221030s9999 xx 000 0 und d | ||
| 020 | _a9350974995 | ||
| 041 | _aEnglish | ||
| 100 | _aS. R. Nair | ||
| 245 | 0 |
_aConsumer Behaviour in Indian Perspective : Text & Cases _cby S. R. Nair |
|
| 260 |
_bHPH _aNew Delhi _c2015 |
||
| 300 | _a632 | ||
| 650 | _aManagement | ||
| 942 | _cBK | ||
| 999 |
_c15877 _d15877 |
||